[Event "International Chess Tournament Paracin 2"]
[Site "Paracin, Serbia"]
[Date "2021.07.12"]
[Round "4.1"]
[White "Ahmadzada, Ahmad"]
[Black "Budisavljevic, Luka"]
[Result "0-1"]
[WhiteElo "2431"]
[BlackElo "2509"]
[PlyCount "164"]
[EventDate "2021.??.??"]

1. d4 d5 2. Nf3 Nf6 3. Bf4 c5 4. e3 Nc6 5. c3 Qb6 6. Qb3 c4 7. Qc2 Bf5 8. Qc1
e6 9. Nbd2 Be7 10. Be2 Qd8 11. O-O O-O 12. Bd1 b5 13. Bc2 Bxc2 14. Qxc2 b4 15.
e4 a5 16. exd5 exd5 17. Ne5 Qb6 18. Bg5 Ra7 19. Bxf6 Bxf6 20. Ng4 Be7 21. Qf5
Rd8 22. Nf3 a4 23. a3 bxc3 24. bxc3 Na5 25. Rfe1 Qg6 26. Qf4 Bf8 27. Nh4 Qd6
28. Qg5 Nc6 29. Nf5 Qg6 30. Qf4 Rb7 31. Re3 h5 32. Ne5 Nxe5 33. dxe5 Rdb8 34.
h4 Qe6 35. Rg3 Rb6 36. Re1 Rb1 37. Rxb1 Rxb1+ 38. Kh2 Rb6 39. Nd4 Qd7 40. Nf5
Rg6 41. Rxg6 fxg6 42. Nd6 Qe6 43. g3 Be7 44. Kg2 Bd8 45. Nb5 Bb6 46. Nd4 Bxd4
47. Qxd4 Kh7 48. Kf1 Qh3+ 49. Ke2 Qe6 50. Ke3 Kh8 51. f4 Qh3 52. Qxd5 Qxg3+ 53.
Ke4 Qg2+ 54. Kd4 Qf2+ 55. Kxc4 Qa2+ 56. Kd4 Qd2+ 57. Kc5 Qxc3+ 58. Kb5 Qxa3 59.
Qa8+ Kh7 60. Qxa4 Qe7 61. Qb4 Qb7+ 62. Kc5 Qe7+ 63. Kc4 Qxh4 64. Kd5 Qh1+ 65.
Kd6 Qd1+ 66. Ke7 h4 67. f5 Qh5 68. fxg6+ Kxg6 69. Qe4+ Kh6 70. e6 h3 71. Kd7 h2
72. Qf4+ Kh7 73. Qe4+ g6 74. Qh1 Qb5+ 75. Ke7 Qc5+ 76. Kf6 Qf2+ 77. Ke5 Qg1 78.
Qb7+ Kh6 79. e7 h1=Q 80. Qxh1+ Qxh1 81. e8=Q Qe1+ 82. Kf6 Qf2+ 0-1

[Event "International Chess Tournament Paracin 2"]
[Site "Paracin, Serbia"]
[Date "2021.07.12"]
[Round "4.2"]
[White "Bryakin, Mikhail"]
[Black "Perez Gormaz, Matias"]
[Result "1-0"]
[WhiteElo "2463"]
[BlackElo "2400"]
[PlyCount "59"]
[EventDate "2021.??.??"]

1. c4 Nf6 2. Nf3 e6 3. e3 d5 4. b3 b6 5. cxd5 exd5 6. Bb2 a6 7. g3 Bd6 8. Bg2
O-O 9. O-O Bb7 10. Nc3 Nbd7 11. Rc1 Re8 12. d4 Qe7 13. Qc2 Rad8 14. Rfd1 Ne4
15. Nxe4 dxe4 16. Ne5 Bxe5 17. dxe5 Nc5 18. Ba3 Qxe5 19. Bxc5 bxc5 20. Rxd8
Rxd8 21. h4 h5 22. Qxc5 Qb2 23. Qc2 Qa3 24. Bf1 Rd7 25. Bh3 Rd6 26. Qxc7 Rf6
27. Rc2 Qb4 28. Qc3 Qd6 29. Qd4 Qa3 30. Rc5 1-0

[Event "International Chess Tournament Paracin 2"]
[Site "Paracin, Serbia"]
[Date "2021.07.12"]
[Round "4.3"]
[White "Sargsyan, Anna M"]
[Black "Muradli, Mahammad"]
[Result "0-1"]
[WhiteElo "2397"]
[BlackElo "2461"]
[PlyCount "96"]
[EventDate "2021.??.??"]

1. c4 g6 2. g3 Bg7 3. Bg2 c5 4. Nf3 Nc6 5. O-O b6 6. Nc3 Bb7 7. a3 Nf6 8. e4
O-O 9. Re1 d6 10. Rb1 Nd7 11. Ne2 Nde5 12. d3 a5 13. b3 Bc8 14. Kh1 Rb8 15. Bb2
Nxf3 16. Bxf3 Ne5 17. Bg2 Bg4 18. a4 Qd7 19. f4 Nc6 20. Bxg7 Kxg7 21. Qd2 Bxe2
22. Rxe2 Nd4 23. Rf2 f5 24. Qb2 e5 25. Rbf1 exf4 26. gxf4 Rbe8 27. exf5 Qxf5
28. Qb1 Re3 29. Be4 Qh3 30. Qa1 Rf6 31. Qd1 Kf8 32. Rg1 Qh4 33. Qd2 Rh3 34.
Rgf1 Qh6 35. Qb2 Rh4 36. f5 g5 37. Qa1 g4 38. Kg1 g3 39. hxg3 Rg4 40. Rh2 Qe3+
41. Kh1 Rh6 42. Qb2 Rxg3 43. Qf2 Rgh3 44. Rxh3 Qxh3+ 45. Kg1 Rh4 46. Rb1 Rg4+
47. Bg2 Nf3+ 48. Kf1 Rxg2 0-1

[Event "International Chess Tournament Paracin 2"]
[Site "Paracin, Serbia"]
[Date "2021.07.12"]
[Round "4.4"]
[White "Petrosyan, Manuel"]
[Black "Stankovic, Milos"]
[Result "1-0"]
[WhiteElo "2632"]
[BlackElo "2421"]
[PlyCount "119"]
[EventDate "2021.??.??"]

1. d4 d5 2. c4 e6 3. Nc3 Nf6 4. Bg5 Be7 5. Nf3 O-O 6. e3 b6 7. cxd5 Nxd5 8.
Nxd5 exd5 9. Bxe7 Qxe7 10. Rc1 Bb7 11. Bd3 c5 12. dxc5 bxc5 13. Qc2 Na6 14. a3
g6 15. Bxa6 Bxa6 16. Qxc5 Qb7 17. Qb4 Qd7 18. Ne5 Qf5 19. f4 d4 20. Qxd4 Rfd8
21. Qa4 Qe6 22. Rc2 f6 23. Qc6 Qb3 24. Qxa6 Qxc2 25. Qe6+ Kg7 26. Qe7+ Kg8 27.
Qf7+ Kh8 28. Qxf6+ Kg8 29. Qe6+ Kg7 30. Qe7+ Kg8 31. O-O Rd2 32. Ng4 Rxg2+ 33.
Kh1 Rxg4 34. Qe6+ Kh8 35. Qe5+ Kg8 36. Qd5+ Kg7 37. Qxa8 Qxb2 38. Qxa7+ Kh6 39.
Qa8 Kg7 40. Qd5 Rh4 41. Qd4+ Qxd4 42. exd4 Rh3 43. Ra1 Rd3 44. a4 Rxd4 45. a5
Rxf4 46. a6 Rf8 47. a7 Ra8 48. Ra6 Kh6 49. Ra5 Kg7 50. Kg2 Kf6 51. Kf3 Kg7 52.
Ra6 Kf7 53. Kf4 Kf8 54. Kg5 Kg7 55. Ra3 Kf7 56. Kh6 Kf6 57. Ra5 Kf7 58. Ra6 Ke7
59. Kxh7 g5 60. Rg6 1-0

[Event "International Chess Tournament Paracin 2"]
[Site "Paracin, Serbia"]
[Date "2021.07.12"]
[Round "4.5"]
[White "Safarli, Eltaj"]
[Black "Sankalp, Gupta"]
[Result "1/2-1/2"]
[WhiteElo "2604"]
[BlackElo "2429"]
[PlyCount "96"]
[EventDate "2021.??.??"]

1. Nf3 d5 2. e3 Nf6 3. Be2 b6 4. O-O Bb7 5. b3 Nbd7 6. Bb2 e6 7. c4 Bd6 8. d4
Ne4 9. Nc3 Nxc3 10. Bxc3 O-O 11. Rc1 Qe7 12. Qc2 Rac8 13. cxd5 exd5 14. Bd3 g6
15. Qe2 Rce8 16. Ba6 Ba8 17. Bb2 c6 18. Bd3 f5 19. Qc2 Rf7 20. a3 a5 21. b4
axb4 22. axb4 Bxb4 23. Ra1 Qd6 24. Bc3 Bxc3 25. Qxc3 f4 26. e4 dxe4 27. Bxe4
Nf6 28. Bc2 c5 29. Bb3 Bd5 30. Bxd5 Qxd5 31. dxc5 Qxc5 32. Qb3 Kg7 33. Rac1 Qd5
34. Qxb6 Rb7 35. Qa6 Re6 36. Qa1 Rbe7 37. Rfd1 Qb7 38. h4 Rc6 39. Qd4 Rxc1 40.
Rxc1 Qe4 41. Qd2 Rd7 42. Qc3 h6 43. Re1 Qd5 44. Qb4 Qd6 45. Qc4 Rc7 46. Qa4 Rd7
47. Qc2 Rc7 48. Qb3 Rd7 1/2-1/2

[Event "International Chess Tournament Paracin 2"]
[Site "Paracin, Serbia"]
[Date "2021.07.12"]
[Round "4.6"]
[White "Yankelevich, Lev"]
[Black "Postny, Evgeny"]
[Result "1/2-1/2"]
[WhiteElo "2389"]
[BlackElo "2578"]
[PlyCount "45"]
[EventDate "2021.??.??"]

1. d4 Nf6 2. c4 e6 3. Nc3 Bb4 4. e3 Bxc3+ 5. bxc3 c5 6. Bd3 Nc6 7. Ne2 d6 8.
O-O e5 9. Ng3 h5 10. Qc2 h4 11. Ne2 h3 12. g3 Qe7 13. f3 Bd7 14. e4 O-O-O 15.
Be3 Kb8 16. a4 Na5 17. Nc1 Be6 18. Nb3 Nxb3 19. Qxb3 Rc8 20. a5 Rc7 21. Rfb1
Rhc8 22. d5 Bd7 23. Bg5 1/2-1/2

[Event "International Chess Tournament Paracin 2"]
[Site "Paracin, Serbia"]
[Date "2021.07.12"]
[Round "4.8"]
[White "Aleksandrov, Aleksej"]
[Black "Raja, Rithvik R"]
[Result "1/2-1/2"]
[WhiteElo "2535"]
[BlackElo "2408"]
[PlyCount "39"]
[EventDate "2021.??.??"]

1. Nf3 d5 2. d4 Nf6 3. c4 e6 4. Nc3 c6 5. e3 Nbd7 6. Be2 Bd6 7. O-O O-O 8. b3
b6 9. Bb2 Bb7 10. Qc2 Qe7 11. Rad1 Rad8 12. e4 dxe4 13. Nxe4 Nxe4 14. Qxe4 Nf6
15. Qh4 c5 16. Rd3 Ne4 17. Qh5 Nf6 18. Qh4 Ne4 19. Qh5 Nf6 20. Qh4 1/2-1/2

[Event "International Chess Tournament Paracin 2"]
[Site "Paracin, Serbia"]
[Date "2021.07.12"]
[Round "4.9"]
[White "Annaberdiev, Meilis"]
[Black "Mullick, Raahil"]
[Result "1/2-1/2"]
[WhiteElo "2532"]
[BlackElo "2386"]
[PlyCount "81"]
[EventDate "2021.??.??"]

1. Nf3 d5 2. c4 c6 3. e3 Nf6 4. Nc3 g6 5. d4 Bg7 6. Be2 O-O 7. O-O Bg4 8. Qb3
b6 9. h3 Bxf3 10. Bxf3 e6 11. Rd1 Nbd7 12. Qa4 Qc7 13. cxd5 cxd5 14. e4 dxe4
15. Nxe4 Nxe4 16. Bxe4 Rac8 17. Bg5 Nf6 18. Rac1 Qd6 19. Bf3 a5 20. Qb5 Nd5 21.
Rc4 Rxc4 22. Qxc4 Qd7 23. Rc1 b5 24. Qc5 Nb4 25. Be3 Nd3 26. Qc7 Qxc7 27. Rxc7
Nxb2 28. d5 Nc4 29. Bc5 Rd8 30. dxe6 fxe6 31. Bg4 Kh8 32. g3 e5 33. Be7 Rb8 34.
a4 Nb6 35. axb5 Nd5 36. b6 Nxe7 37. Rxe7 h5 38. Bf3 Rxb6 39. Ra7 Rb1+ 40. Kg2
Rb4 41. Rxa5 1/2-1/2

[Event "International Chess Tournament Paracin 2"]
[Site "Paracin, Serbia"]
[Date "2021.07.12"]
[Round "4.10"]
[White "Sturt, Raven"]
[Black "Grieve, Harry"]
[Result "1-0"]
[WhiteElo "2500"]
[BlackElo "2351"]
[PlyCount "91"]
[EventDate "2021.??.??"]

1. d4 d5 2. c4 e6 3. Nc3 c6 4. e3 Nf6 5. Nf3 Nbd7 6. Be2 Bd6 7. O-O O-O 8. b3
b6 9. Bb2 Bb7 10. Bd3 Qe7 11. Re1 Rad8 12. e4 dxc4 13. bxc4 e5 14. d5 Rfe8 15.
Rb1 Rb8 16. Nd2 a6 17. a4 g6 18. Ba1 Ba8 19. Nf1 Nc5 20. Bc2 Qd7 21. Qe2 h5 22.
f3 Kg7 23. Ne3 h4 24. Red1 Nh5 25. Qf2 Nf4 26. Qxh4 Rh8 27. Qg4 Qxg4 28. Nxg4
cxd5 29. cxd5 Nd7 30. g3 Nh3+ 31. Kg2 f6 32. Ne2 Ng5 33. Bc3 Nf7 34. Rb2 Rhc8
35. Rdb1 Rc7 36. Bd2 Rbc8 37. Ne3 Bb7 38. g4 Ba3 39. Ra2 Bc5 40. Bd3 Bf8 41.
Ng3 Kh7 42. Nd1 Bh6 43. Bxh6 Kxh6 44. h4 Rc1 45. Rxc1 Rxc1 46. Bc2 1-0

[Event "International Chess Tournament Paracin 2"]
[Site "Paracin, Serbia"]
[Date "2021.07.12"]
[Round "4.11"]
[White "Gavrilescu, David"]
[Black "Krasteva, Beloslava"]
[Result "1-0"]
[WhiteElo "2470"]
[BlackElo "2305"]
[PlyCount "97"]
[EventDate "2021.??.??"]

1. e4 c5 2. Nf3 d6 3. d4 cxd4 4. Qxd4 a6 5. Be2 Nc6 6. Qe3 g6 7. O-O Bg7 8. Rd1
Nf6 9. h3 Nd7 10. Nc3 O-O 11. Nd5 Nc5 12. Rb1 a5 13. a3 b6 14. b4 axb4 15. axb4
Na4 16. Bb5 Bb7 17. Qb3 e6 18. Bg5 f6 19. Nxf6+ Bxf6 20. Qxe6+ Kg7 21. Rxd6 Bc8
22. Qxf6+ Rxf6 23. Bxf6+ Qxf6 24. Rxf6 Kxf6 25. Bxc6 Nc3 26. Bxa8 Nxb1 27. Nd4
g5 28. Kf1 Ke5 29. Nc6+ Kd6 30. Ke2 Ba6+ 31. Ke3 Na3 32. Nd4 Nc4+ 33. Kf3 h5
34. b5 Bc8 35. Bd5 Ne5+ 36. Ke3 Ng6 37. Bf7 Nf4 38. g3 Ng2+ 39. Kf3 Bxh3 40.
Bxh5 Kc5 41. c3 Kc4 42. e5 Kd3 43. Bg6+ Kxc3 44. Ke4 Ne1 45. e6 Nd3 46. e7 Nc5+
47. Kd5 Nd7 48. e8=Q Nf6+ 49. Ke5 1-0

[Event "International Chess Tournament Paracin 2"]
[Site "Paracin, Serbia"]
[Date "2021.07.12"]
[Round "4.12"]
[White "Savic, Miodrag R"]
[Black "Gharibyan, Mamikon"]
[Result "1/2-1/2"]
[WhiteElo "2421"]
[BlackElo "2464"]
[PlyCount "74"]
[EventDate "2021.??.??"]

1. e4 e5 2. Nf3 Nc6 3. Bc4 Bc5 4. O-O Nf6 5. d3 h6 6. c3 d6 7. Nbd2 a5 8. Re1
O-O 9. Nf1 Be6 10. Bb5 Bb6 11. h3 Ne7 12. d4 exd4 13. cxd4 d5 14. e5 Ne4 15.
Ng3 c5 16. Be3 cxd4 17. Bxd4 Nxg3 18. fxg3 Nf5 19. Kh2 Bxd4 20. Nxd4 Qb6 21.
Nxf5 Bxf5 22. a4 Be4 23. Re2 Rac8 24. Bd3 Rfd8 25. Bxe4 dxe4 26. Qe1 Rc4 27.
Rxe4 Rxe4 28. Qxe4 Qxb2 29. Rb1 Qd4 30. Qf5 Qd3 31. Qxd3 Rxd3 32. Rb5 b6 33.
Rxb6 Rd4 34. e6 fxe6 35. Rxe6 Rxa4 36. g4 Kf7 37. Ra6 Ra3 1/2-1/2

[Event "International Chess Tournament Paracin 2"]
[Site "Paracin, Serbia"]
[Date "2021.07.12"]
[Round "4.13"]
[White "Dudin, Gleb"]
[Black "Phatak, Aanjaneya"]
[Result "1-0"]
[WhiteElo "2439"]
[BlackElo "1769"]
[PlyCount "41"]
[EventDate "2021.??.??"]

1. d4 Nf6 2. Nf3 e6 3. g3 d5 4. Bg2 b5 5. O-O Bd6 6. b3 Bb7 7. c4 bxc4 8. bxc4
c5 9. Nc3 O-O 10. Rb1 Bc6 11. dxc5 Bxc5 12. Ne5 Qa5 13. Bd2 Qc7 14. Nxc6 Qxc6
15. cxd5 exd5 16. Bg5 Ne4 17. Nxd5 Re8 18. Rc1 Na6 19. Ne7+ Rxe7 20. Bxe7 Qe6
21. Bxc5 1-0

[Event "International Chess Tournament Paracin 2"]
[Site "Paracin, Serbia"]
[Date "2021.07.12"]
[Round "4.14"]
[White "Pikula, Dejan"]
[Black "Aditya, Mittal"]
[Result "1/2-1/2"]
[WhiteElo "2384"]
[BlackElo "2438"]
[PlyCount "138"]
[EventDate "2021.??.??"]

1. e4 c5 2. Nf3 d6 3. Bb5+ Nd7 4. c3 Ngf6 5. Bd3 a6 6. Bc2 b5 7. d4 Bb7 8. Nbd2
e6 9. O-O Be7 10. Re1 Qc7 11. a4 O-O 12. Bd3 cxd4 13. cxd4 bxa4 14. Qxa4 a5 15.
Ra3 Nb6 16. Qd1 d5 17. e5 Ne4 18. Nxe4 dxe4 19. Rc3 Qd7 20. Bxe4 Bxe4 21. Rxe4
Nd5 22. Rc2 Qa4 23. Re1 h6 24. Bd2 Qb3 25. Bc3 a4 26. Nd2 Qb5 27. Ne4 Rfc8 28.
g3 Rc6 29. Bd2 Rac8 30. Nc3 Nxc3 31. bxc3 a3 32. Qa1 Qd3 33. Qa2 Rb8 34. Kg2
Rcb6 35. Re3 Qg6 36. Bc1 Bg5 37. Re1 Rb2 38. Rxb2 axb2 39. Bxg5 b1=Q 40. Rxb1
Rxb1 41. Qa8+ Kh7 42. Be3 Qd3 43. g4 Rb2 44. Kg3 Rc2 45. Qf3 Kg8 46. Qa8+ Kh7
47. Qf3 Qg6 48. Qc6 h5 49. h3 Ra2 50. c4 Ra1 51. Kf3 hxg4+ 52. hxg4 Rg1 53. Qe4
Qxe4+ 54. Kxe4 Rxg4+ 55. f4 Kg8 56. c5 Kf8 57. c6 Ke8 58. d5 exd5+ 59. Kxd5 Rg3
60. Bd4 g6 61. e6 fxe6+ 62. Kxe6 Kd8 63. Be5 Rg2 64. f5 gxf5 65. Kxf5 Rc2 66.
c7+ Kd7 67. Bf4 Rc5+ 68. Be5 Rxe5+ 69. Kxe5 Kxc7 1/2-1/2

[Event "International Chess Tournament Paracin 2"]
[Site "Paracin, Serbia"]
[Date "2021.07.12"]
[Round "4.15"]
[White "Ohanyan, Emin"]
[Black "Ter-Sahakyan, Samvel"]
[Result "1/2-1/2"]
[WhiteElo "2324"]
[BlackElo "2643"]
[PlyCount "76"]
[EventDate "2021.??.??"]

1. e4 c5 2. Nf3 d6 3. d4 cxd4 4. Nxd4 Nf6 5. Nc3 a6 6. h3 e5 7. Nde2 h5 8. g3
Be7 9. Bg2 b5 10. Nd5 Nxd5 11. Qxd5 Ra7 12. Be3 Rb7 13. Qd2 Nd7 14. Nc3 Nf6 15.
O-O O-O 16. Bg5 Be6 17. Rfd1 b4 18. Bxf6 bxc3 19. Bxe7 Qxe7 20. bxc3 Rb6 21. h4
Rc8 22. Bf3 g6 23. Be2 Rc5 24. Rab1 Rbc6 25. Qh6 Rxc3 26. Rb8+ Bc8 27. Bd3 Ra3
28. Rb2 Qf8 29. Qg5 Kg7 30. Rdb1 Qe8 31. Qd2 Rac3 32. Rb3 R3c5 33. Rb8 Qe7 34.
Qg5 Qc7 35. R1b2 Rc3 36. Ra8 Bb7 37. Re8 f6 38. Qe3 R3c5 1/2-1/2

[Event "International Chess Tournament Paracin 2"]
[Site "Paracin, Serbia"]
[Date "2021.07.12"]
[Round "4.16"]
[White "Puranik, Abhimanyu"]
[Black "Yordanov, Lachezar"]
[Result "1-0"]
[WhiteElo "2589"]
[BlackElo "2325"]
[PlyCount "51"]
[EventDate "2021.??.??"]

1. e4 c5 2. Nc3 d6 3. Nf3 a6 4. d4 cxd4 5. Nxd4 Nf6 6. h3 e5 7. Nb3 Be6 8. Be3
Be7 9. Qf3 b5 10. g4 h6 11. O-O-O Qc7 12. Qg2 Nbd7 13. f4 Bxb3 14. axb3 b4 15.
Na4 Qc6 16. g5 Nh5 17. gxh6 Nxf4 18. Bxf4 exf4 19. Bc4 d5 20. hxg7 Rg8 21. Rxd5
Bf6 22. Rhd1 Rxg7 23. Qf2 Rd8 24. Qxf4 Be7 25. Kb1 Kf8 26. e5 1-0

[Event "International Chess Tournament Paracin 2"]
[Site "Paracin, Serbia"]
[Date "2021.07.12"]
[Round "4.17"]
[White "Martic, Ivan"]
[Black "Sadikhov, Ulvi"]
[Result "0-1"]
[WhiteElo "2314"]
[BlackElo "2490"]
[PlyCount "82"]
[EventDate "2021.??.??"]

1. Nf3 d6 2. d4 g6 3. g3 Bg7 4. Bg2 Nd7 5. O-O e5 6. dxe5 dxe5 7. e4 Ngf6 8.
Re1 O-O 9. b3 b6 10. Bb2 Qe7 11. c4 Rd8 12. Qc2 c6 13. h3 Nh5 14. Rd1 Bb7 15.
Nc3 f6 16. h4 Nc5 17. Ba3 Qc7 18. Bh3 Bc8 19. Rxd8+ Qxd8 20. Bxc8 Qxc8 21. Bxc5
bxc5 22. Rd1 Nf4 23. Qd2 Qh3 24. Ne1 Ne6 25. Qd7 Rd8 26. Qxa7 Nd4 27. Rd3 f5
28. Qxc5 fxe4 29. Re3 Bh6 30. Rxe4 Bd2 31. Ne2 Bxe1 32. Nxd4 Bxf2+ 33. Kxf2
Qh2+ 34. Ke3 exd4+ 35. Kf4 Rf8+ 36. Kg4 Qf2 37. Rxd4 h5+ 38. Kg5 Qf6+ 39. Kh6
Qg7+ 40. Kg5 Rf5+ 41. Qxf5 gxf5+ 0-1

[Event "International Chess Tournament Paracin 2"]
[Site "Paracin, Serbia"]
[Date "2021.07.12"]
[Round "4.18"]
[White "Raja, Harshit"]
[Black "Sylvan, Jacob"]
[Result "1-0"]
[WhiteElo "2484"]
[BlackElo "2322"]
[PlyCount "79"]
[EventDate "2021.??.??"]

1. e4 c5 2. Nf3 d6 3. d4 cxd4 4. Nxd4 Nf6 5. Nc3 Nc6 6. Bg5 e6 7. Qd3 a6 8.
Nxc6 bxc6 9. O-O-O Qa5 10. Qg3 e5 11. Bc4 Be6 12. Qd3 Be7 13. f4 Qc5 14. Bxe6
fxe6 15. Qh3 exf4 16. Bxf6 Bxf6 17. Qxe6+ Be7 18. e5 Qxe5 19. Qb3 d5 20. Qb7
Qe3+ 21. Kb1 O-O 22. Rhe1 Rab8 23. Qxc6 Qa7 24. Qe6+ Rf7 25. Nxd5 Ba3 26. b3
Kh8 27. Re4 f3 28. gxf3 Rxf3 29. Nf4 Be7 30. Qxe7 Qxe7 31. Rxe7 Rxf4 32. Rd6
Rf2 33. h4 h6 34. Rg6 Rg8 35. a4 a5 36. Ra7 Rh2 37. Rg4 Rc8 38. Raxg7 h5 39.
Rg2 Rxh4 40. R7g5 1-0

[Event "International Chess Tournament Paracin 2"]
[Site "Paracin, Serbia"]
[Date "2021.07.12"]
[Round "4.19"]
[White "Sredojevic, Ivan"]
[Black "Aitbayev, Aslan"]
[Result "1-0"]
[WhiteElo "2284"]
[BlackElo "2475"]
[PlyCount "105"]
[EventDate "2021.??.??"]

1. e4 e6 2. d4 d5 3. Nd2 c5 4. exd5 Qxd5 5. Ngf3 cxd4 6. Bc4 Qd6 7. O-O Nf6 8.
Nb3 Nc6 9. Nbxd4 Nxd4 10. Qxd4 Qxd4 11. Nxd4 Bc5 12. Nb3 Bb6 13. Be2 Bd7 14. a4
a5 15. Bf3 Bc6 16. Bxc6+ bxc6 17. Nd2 Nd5 18. Nc4 Bc7 19. Bd2 Ke7 20. Rfd1 Rhd8
21. b3 f6 22. Kf1 e5 23. g3 Ke6 24. Be1 g5 25. Rd3 f5 26. Rdd1 h5 27. c3 Rdb8
28. Rdb1 Rb7 29. Rb2 Rba7 30. Re2 g4 31. Rea2 Rb7 32. Rb1 Rab8 33. Rab2 Ra8 34.
Ra2 Rba7 35. Rba1 Rb8 36. Rb1 Bd8 37. Bd2 e4 38. Ke2 Bf6 39. Rc2 h4 40. Ne3
Rab7 41. b4 Nxe3 42. Bxe3 Rd7 43. Rbc1 hxg3 44. hxg3 axb4 45. cxb4 Rxb4 46.
Rxc6+ Kf7 47. a5 Ra4 48. a6 Rd3 49. Rb1 Ra2+ 50. Ke1 Bc3+ 51. Kf1 Be5 52. Rb7+
Ke8 53. Re6+ 1-0

[Event "International Chess Tournament Paracin 2"]
[Site "Paracin, Serbia"]
[Date "2021.07.12"]
[Round "4.20"]
[White "Prithu, Gupta"]
[Black "Kurmangaliyeva, Liya"]
[Result "0-1"]
[WhiteElo "2472"]
[BlackElo "2322"]
[PlyCount "112"]
[EventDate "2021.??.??"]

1. d4 Nf6 2. c4 e6 3. g3 d5 4. Bg2 a6 5. c5 Be7 6. Nf3 O-O 7. O-O b6 8. cxb6
cxb6 9. Nc3 Bb7 10. Bg5 Nbd7 11. a4 Rc8 12. e3 h6 13. Bxf6 Nxf6 14. Ne5 Ne4 15.
Qd3 Nd6 16. Rfc1 Nc4 17. Nxc4 dxc4 18. Qf1 Bxg2 19. Qxg2 Qd7 20. d5 Bf6 21. Rd1
Rfd8 22. dxe6 Qxe6 23. Qb7 Bxc3 24. bxc3 Rd3 25. Qxa6 Rxc3 26. Rd6 Qf5 27. Rxb6
Rc2 28. Rf1 c3 29. Rc6 Rxc6 30. Qxc6 Qd3 31. Qb5 Qe4 32. Qc5 Qd3 33. Qb5 Qe4
34. Qb8+ Kh7 35. Qb1 f5 36. a5 Qa4 37. a6 Qa2 38. Qxa2 Rxa2 39. Rc1 Rxa6 40.
Rxc3 g5 41. Kg2 Kg6 42. h3 Rb6 43. g4 fxg4 44. hxg4 h5 45. gxh5+ Kxh5 46. Rc8
Rb4 47. Rf8 Kg6 48. Kf1 Kg7 49. Rf5 Kg6 50. Rf3 Rb2 51. Kg2 Rb4 52. Kg3 Ra4 53.
Rf8 Kg7 54. Rf5 Kg6 55. Rb5 Ra3 56. Kf3 Kf6 0-1

[Event "International Tournament "]
[Site "Pool "]
[Date "2021.07.12"]
[Round "4.21"]
[White "Durak, Can"]
[Black "Nikitenko, Mihail"]
[Result "0-1"]
[WhiteElo "2275"]
[BlackElo "2472"]
[PlyCount "98"]
[EventDate "2021.07.09"]

1. d4 d5 2. c4 e6 3. Nc3 c6 4. e3 Nf6 5. Nf3 Nbd7 6. Qc2 Bd6 7. Be2 dxc4 8.
Bxc4 O-O 9. O-O a6 10. e4 e5 11. h3 b5 12. Bd3 exd4 13. Nxd4 Ne5 14. Be2 Re8
15. Rd1 Qb6 16. Be3 c5 17. Nf5 Bf8 18. Rac1 Qc6 19. Nd5 Bxf5 20. Nxf6+ Qxf6 21.
exf5 Rac8 22. Rd5 c4 23. Rcd1 Nc6 24. Qc3 Qxc3 25. bxc3 Ne7 26. Re5 f6 27. Re4
Nxf5 28. Bg4 Nxe3 29. Rxe3 Rcd8 30. Rxe8 Rxe8 31. Rd7 Re1+ 32. Kh2 Bc5 33. Rd8+
Kf7 34. Ra8 Bxf2 35. Rxa6 Kg6 36. Bd7 Bg1+ 37. Kg3 Re3+ 38. Kf4 Kh6 39. Re6
Rxc3 40. Bxb5 Rc2 41. g4 Bh2+ 42. Kf3 Rc3+ 43. Re3 Rc1 44. a4 c3 45. Ke2 Be5
46. Re4 Rc2+ 47. Kd1 Ra2 48. Rc4 Kg5 49. Bc6 Kh4 0-1

[Event "International Tournament "]
[Site "Pool "]
[Date "2021.07.12"]
[Round "4.22"]
[White "Ivanovic, Marko"]
[Black "Zarubitski, Viachaslau"]
[Result "1-0"]
[WhiteElo "2245"]
[BlackElo "2426"]
[PlyCount "56"]
[EventDate "2021.07.09"]

1. e4 e6 2. d4 d5 3. Nc3 Bb4 4. e5 c5 5. a3 Ba5 6. b4 cxd4 7. Nb5 Bc7 8. f4 Bd7
9. Nxc7+ Qxc7 10. Nf3 Ba4 11. Bd3 Ne7 12. O-O Qb6 13. Qe2 Nbc6 14. Bb2 Bb5 15.
Kh1 Bxd3 16. Qxd3 Qc7 17. Bxd4 Rc8 18. Bc5 b6 19. Bd6 Qd7 20. b5 Na5 21. Nd4 g6
22. g4 Nc4 23. Bb4 Rc5 24. f5 Nxe5 25. fxe6 Qd6 26. exf7+ Nxf7 27. Rae1 O-O 28.
Ne6 d4 1-0

[Event "International Tournament "]
[Site "Pool "]
[Date "2021.07.12"]
[Round "4.23"]
[White "Polschikov, Alexey"]
[Black "Brankovic, Dejan"]
[Result "1-0"]
[WhiteElo "2420"]
[BlackElo "2312"]
[Annotator "Balkanchess"]
[PlyCount "41"]
[EventDate "2021.07.09"]

1. Nf3 Nf6 2. c4 g6 3. Nc3 Bg7 4. e4 d6 5. d4 O-O 6. Be2 Bg4 7. Be3 Nfd7 8. Rc1
e5 9. d5 a5 10. h3 Bxf3 11. Bxf3 f5 12. Qc2 f4 13. Bd2 Nc5 14. Rb1 h5 15. b3
Nbd7 16. a3 b6 17. b4 Nb7 18. Kd1 Kh7 19. Kc1 Bh6 20. Kb2 Rf7 21. Qd3 {...55}
1-0

[Event "International Tournament "]
[Site "Pool "]
[Date "2021.07.12"]
[Round "4.24"]
[White "Beydullayeva, Govhar"]
[Black "Kosic, Dragan"]
[Result "0-1"]
[WhiteElo "2264"]
[BlackElo "2419"]
[Annotator "Balkanchess"]
[PlyCount "70"]
[EventDate "2021.07.09"]

1. Nf3 c5 2. c4 Nc6 3. d4 cxd4 4. Nxd4 Nf6 5. Nc3 e6 6. a3 Nxd4 7. Qxd4 b6 8.
e4 Bc5 9. Qd1 Bb7 10. b4 Be7 11. Bd3 Qb8 12. Qe2 Bd6 13. Bb2 Be5 14. g3 O-O 15.
f4 Bd4 16. O-O-O d6 17. Rhe1 e5 18. Nd5 Bxb2+ 19. Kxb2 Bxd5 20. exd5 Re8 21.
Qc2 exf4 22. gxf4 a5 23. b5 Rxe1 24. Rxe1 Qc7 25. Qg2 Qc5 26. Rg1 Qd4+ 27. Kc2
Nd7 28. Rd1 Qxf4 29. Qh3 Nf8 30. Rf1 Qe5 31. Qf3 Qe7 32. Qf5 Re8 33. h4 g6 34.
Qf2 Nd7 35. Qd4 Qe3 {...45} 0-1

[Event "International Tournament "]
[Site "Pool "]
[Date "2021.07.12"]
[Round "4.25"]
[White "Abergel, Thal"]
[Black "Sahin, Ozgun"]
[Result "1-0"]
[WhiteElo "2414"]
[BlackElo "2269"]
[PlyCount "41"]
[EventDate "2021.07.09"]

1. e4 c5 2. Nc3 Nc6 3. Bb5 Nd4 4. Nf3 e6 5. O-O a6 6. Bd3 b5 7. Nxd4 cxd4 8.
Ne2 Qb6 9. c3 dxc3 10. dxc3 Bb7 11. Be3 Bc5 12. Nd4 Qc7 13. a4 bxa4 14. Rxa4
Nf6 15. Rc4 Qb6 16. Nxe6 fxe6 17. Bxc5 Qxb2 18. e5 Bd5 19. exf6 Bxc4 20. f7+
Kd8 21. Bxc4 1-0

[Event "International Tournament "]
[Site "Pool "]
[Date "2021.07.12"]
[Round "4.26"]
[White "Babazada, Khazar"]
[Black "Tanmay, Chopra"]
[Result "1-0"]
[WhiteElo "2409"]
[BlackElo "2273"]
[Annotator "Balkanchess"]
[PlyCount "62"]
[EventDate "2021.07.09"]

1. e4 c6 2. d4 d5 3. Nc3 dxe4 4. Nxe4 Bf5 5. Ng3 Bg6 6. Nf3 Nd7 7. h4 h6 8. h5
Bh7 9. Bd3 Bxd3 10. Qxd3 e6 11. Bd2 Ngf6 12. O-O-O Be7 13. Ne4 Nxe4 14. Qxe4
Nf6 15. Qe2 Qd5 16. c4 Qe4 17. Qxe4 Nxe4 18. Be1 Rd8 19. Ne5 Bf6 20. f3 Nd6 21.
Bf2 Bxe5 22. dxe5 Nxc4 23. Rxd8+ Kxd8 24. Bxa7 Nxe5 25. Bd4 f6 26. Bxe5 fxe5
27. Re1 Ke7 28. Rxe5 Ra8 29. a3 Kf6 30. Re4 Ra5 31. g4 Rd5 {...58} 1-0

[Event "International Tournament "]
[Site "Pool "]
[Date "2021.07.12"]
[Round "4.27"]
[White "Zhukenov, Aituar"]
[Black "Simantsev, Mikhail"]
[Result "1/2-1/2"]
[WhiteElo "2241"]
[BlackElo "2398"]
[PlyCount "45"]
[EventDate "2021.07.09"]

1. e4 c6 2. d4 d5 3. e5 Bf5 4. h4 h5 5. Bd3 Bxd3 6. Qxd3 Qa5+ 7. Nd2 e6 8. Ngf3
Qa6 9. c4 Nh6 10. b3 Nf5 11. O-O Nd7 12. a4 Rd8 13. Qc2 Bb4 14. Ba3 Qa5 15.
Bxb4 Qxb4 16. a5 Nb8 17. Rfd1 Na6 18. Nf1 Qe7 19. g3 O-O 20. c5 Nc7 21. Ne3 g6
22. Qd2 Kg7 23. Kg2 1/2-1/2